Statystyki dla Stacje i przystanki kolei pasażerskiej w Krakowie

Kliknij tutaj aby rozwiązać quiz!

Ogólne statystyki

  • Ten quiz został rozwiązany 10 razy
  • Średni wynik to 22 z 31

Statystyki odpowiedzi

Dodatkowe informacjeStacja% Poprawnych
xKraków Batowice
100%
Kraków Główny
100%
xKraków Lotnisko
100%
Kraków Mydlniki
100%
Przystanek tymczasowy,
obecnie zlikwidowany
Kraków Olsza
100%
Kraków Płaszów
100%
Kraków Prokocim
100%
Kraków Łagiewniki
88%
Kraków Bieżanów
88%
Kraków Bronowice
88%
Kraków Grzegórzki
88%
Kraków Łobzów
88%
Kraków Podgórze
88%
Kraków Zabłocie
88%
Kraków Bieżanów Drożdżownia
75%
Kraków Nowa Huta
75%
xKraków Olszanica
75%
Kraków Sanktuarium
75%
Kraków Swoszowice
75%
Kraków Bonarka
63%
xKraków Mydlniki Wapiennik
63%
Kraków Złocień
63%
Kraków Opatkowice
50%
Aktualnie budowanyKraków Piastów
50%
Kraków Sidzina
50%
Kraków Lubocza
38%
Kraków Zakliki
38%
Kraków Młynówka
25%
PlanowanyKraków Kościelniki
13%
Zamknięty w 1999 rokuKraków Nowa Huta Północ
13%
Na granicy Krakowa i WieliczkiWieliczka Bogucice
13%

Rozkład punktacji

Percentyl według liczby udzielonych odpowiedzi

Procent ludzi z każdym wynikiem

Twoja historia wyników

Nie rozwiązałeś tego quizu